Lienzos y códice de Tepetícpac / (Registro nro. 32450)
[ vista simple ]
| 000 -LEADER | |
|---|---|
| fixed length control field | 01324cam a2200325 i 4500 |
| 001 - CONTROL NUMBER | |
| control field | 32450 |
| 003 - CONTROL NUMBER IDENTIFIER | |
| control field | Mx-PuUPA |
| 005 - DATE AND TIME OF LATEST TRANSACTION | |
| control field | 20251022131714.0 |
| 008 - FIXED-LENGTH DATA ELEMENTS--GENERAL INFORMATION | |
| fixed length control field | 140415s1986 mx h gr 000 0 spa d |
| 040 ## - CATALOGING SOURCE | |
| Transcribing agency | Mx-PuUPA |
| Original cataloging agency | Mx-PuUPA |
| Language of cataloging | spa |
| Modifying agency | Mx-PuUPA |
| Description conventions | rda |
| 041 0# - LANGUAGE CODE | |
| Language code of text/sound track or separate title | spa |
| 245 00 - TITLE STATEMENT | |
| Title | Lienzos y códice de Tepetícpac / |
| Remainder of title | estudio iconográfico e histórico de Carmen Aguilera |
| 250 ## - EDITION STATEMENT | |
| Edition statement | Primera edición |
| 264 #1 - PRODUCTION, PUBLICATION, DISTRIBUTION, MANUFACTURE, AND COPYRIGHT NOTICE | |
| Place of production, publication, distribution, manufacture | México |
| Name of producer, publisher, distributor, manufacturer | Instituto Tlaxcalteca de la Cultura, |
| Date of production, publication, distribution, manufacture, or copyright notice | 1986 |
| 300 ## - PHYSICAL DESCRIPTION | |
| Extent | 1 portafolio (1 hoja sin numerar, 8 hojas plegadas en dos secciones sin numerar) : |
| Other physical details | facsímiles (a color) ; |
| Dimensions | 47 cm + |
| Accompanying material | 1 folleto (33 páginas : ilustraciones ; 23 cm) |
| 336 ## - CONTENT TYPE | |
| Fuente | rdacontent |
| Content type term | texto |
| Content type code | txt |
| 336 ## - CONTENT TYPE | |
| Fuente | rdacontent |
| Content type term | imagen fija |
| Content type code | sti |
| 337 ## - MEDIA TYPE | |
| Source | rdamedia |
| Media type term | sin medio |
| Media type code | n |
| 338 ## - CARRIER TYPE | |
| Source | rdacarrier |
| Carrier type term | volumen |
| Carrier type code | nc |
| 490 0# - SERIES STATEMENT | |
| Series statement | Códices y manuscritos Tlaxcala ; |
| Volume/sequential designation | 4 |
| 650 #7 - SUBJECT ADDED ENTRY--TOPICAL TERM | |
| Source of heading or term | armarc |
| Topical term or geographic name entry element | Aztecas |
| General subdivision | Religión |
| 650 #7 - SUBJECT ADDED ENTRY--TOPICAL TERM | |
| Source of heading or term | armarc |
| Topical term or geographic name entry element | Indios tlaxcaltecas |
| General subdivision | Religión |
| 650 #7 - SUBJECT ADDED ENTRY--TOPICAL TERM | |
| Source of heading or term | armarc |
| Topical term or geographic name entry element | Manuscritos, Tlaxcaltecas |
| Form subdivision | Facsímiles |
| 651 #4 - SUBJECT ADDED ENTRY--GEOGRAPHIC NAME | |
| Geographic name | México |
| General subdivision | Antigüedades |
| 700 1# - ADDED ENTRY--PERSONAL NAME | |
| Personal name | Aguilera, Carmen, |
| Relator term | autor de estudio iconográfico e histórico |
| 710 2# - ADDED ENTRY--CORPORATE NAME | |
| Corporate name or jurisdiction name as entry element | Instituto Tlaxcalteca de la Cultura, |
| Relator term | colaborador |
| 942 ## - ADDED ENTRY ELEMENTS (KOHA) | |
| Source of classification or shelving scheme | Dewey Decimal Classification |
| Koha item type | Libro |
| Classification part | 299.784 |
| Item part | L716 |
| Suppress in OPAC | |
| Withdrawn status | Lost status | Source of classification or shelving scheme | Damaged status | Not for loan | Collection code | Home library | Current library | Shelving location | Date acquired | Source of acquisition | Total Checkouts | Full call number | Barcode | Price effective from | Koha item type | Public note | Date last seen |
|---|---|---|---|---|---|---|---|---|---|---|---|---|---|---|---|---|---|
| Dewey Decimal Classification | Consulta en sala | Especial | Biblioteca Karol Wojtyla | Biblioteca Karol Wojtyla | Sala "Colecciones Especiales" | 03/12/2013 | Donación | 299.784 L716 1986 | 46274 | 03/12/2013 | Folleto | Estudio | |||||
| Dewey Decimal Classification | Consulta en sala | Especial | Biblioteca Karol Wojtyla | Biblioteca Karol Wojtyla | Sala "Colecciones Especiales" | 08/01/2024 | 299.784 L716 1986 | 10443 | 08/01/2024 | Folio | 08/01/2024 |